Sports Quiz

Random Sports or NFL Quiz
Score 0/44 Timer 08:00
2 Plays Today
Career Rec. Yds Player % Correct
22,895Jerry Rice
97.4%
15,292Randy Moss
94.6%
10,167Santana Moss
93%
15,934Terrell Owens
90.4%
14,731Steve Smith
87.2%
10,571Keyshawn Johnson
66.8%
10,420*DeSean Jackson
58.4%
8,364Vincent Jackson
56.5%
13,779Anquan Boldin
55.2%
4,290*John Brown
54.8%
10,372Harold Jackson
54.6%
6,511*Odell Beckham Jr.
48.3%
12,351Brandon Marshall
48.2%
5,097*Amari Cooper
42.8%
12,061Derrick Mason
42.6%
6,188*Jarvis Landry
39.4%
8,499Plaxico Burress
38.6%
4,749*Allen Robinson
37.9%
5,730*Brandin Cooks
36.8%
11,373Keenan McCardell
30.8%
7,499*Michael Crabtree
28.9%
14,004James Lofton
27.9%
Career Rec. Yds Player % Correct
8,072Mike Wallace
26.4%
5,816Eric Decker
26.2%
10,205Andre Rison
25.7%
10,950Joey Galloway
25.4%
12,785Irving Fryar
24.9%
6,835Jeremy Maclin
23.3%
8,823Terry Glenn
22.9%
8,609Laveranues Coles
22.1%
4,011Javon Walker
20.9%
13,777Henry Ellard
17.3%
9,368Rob Moore
15.8%
5,685Antonio Bryant
12.8%
9,065Tony Martin
8.9%
9,148Anthony Miller
8.4%
8,966Wes Chandler
6.6%
8,230Curtis Conway
6.6%
6,971Derrick Alexander
6.1%
5,295Rocket Ismail
5.1%
8,763Mark Carrier
3.7%
8,046Art Powell
1.9%
8,410Tommy McDonald
1.8%
6,470Del Shofner
0.9%
Remove Ads.
Support Sporcle.
Get the best of Sporcle when you Go Orange. This ad-free experience offers more features, more stats, and more fun while also helping to support Sporcle. Thank you for becoming a member.

You're not logged in!

Compare scores with friends on all Sporcle quizzes.
OR
Log In

Sporcle TV

Today on Sporcle TV


Watch our educational content, quiz creation guides, and fun videos on Sporcle TV.

Show Comments

Extras

Top Quizzes Today


Score Distribution

Paid Content

Your Account Isn't Verified!

In order to create a playlist on Sporcle, you need to verify the email address you used during registration. Go to your Sporcle Settings to finish the process.

Report this User

Report this user for behavior that violates our Community Guidelines.

Details: